|
|
|
|
| LEADER |
00000nab a2200000 a 4500 |
| 001 |
vtls000570878 |
| 003 |
SK-MaSNL |
| 005 |
20260303231018.0 |
| 008 |
160204c1992 xo 0 slo |
| 015 |
|
|
|a SNBRA19rr/mm-uuuuu
|
| 035 |
|
|
|a CL0571016
|
| 040 |
|
|
|a SNKBUCL
|b slo
|c SNKBUCL
|e AACR2
|
| 041 |
0 |
|
|a slo
|
| 044 |
|
|
|a xo
|c SK
|
| 080 |
|
|
|a 348.1/.6:347.62
|2 1981
|
| 080 |
|
|
|a 347.62:348.1/.6
|2 1981
|
| 080 |
|
|
|a 261:34
|2 1981
|
| 100 |
1 |
|
|a Holec, Peter,
|d 1953-
|4 aut
|9 38914
|
| 245 |
1 |
0 |
|a Forma celebrationis matrimonii ordinaria et extraordinaria in codice vigenti
|c Peter Holec
|
| 300 |
|
|
|b Lit. 11 zázn. v lat., poľ., slov.
|
| 650 |
0 |
7 |
|a kánonické právo
|2 snkbucl
|9 2222
|
| 650 |
0 |
7 |
|a manželstvo
|2 snkbucl
|9 659
|
| 650 |
0 |
7 |
|a uzavretie manželstva
|2 snkbucl
|9 1051691
|
| 655 |
|
7 |
|a články zo zborníkov
|2 snkbucl
|9 166140
|
| 773 |
0 |
|
|t Zborník z 2. sympózia kanonického práva
|d Spišská Kapitula : Kňazský seminár biskupa Jána Vojtaššáka, 1992
|g S. 79-98
|z 8071420166
|
| 850 |
|
|
|a Slovenská národná knižnica v Martine
|a MTA001
|
| 852 |
|
|
|a SNK
|b KIS3GCP
|
| 958 |
|
|
|a NB
|
| 958 |
|
|
|a RK
|
| 992 |
|
|
|a RZB
|
| 999 |
|
|
|c 2264713
|d 2266643
|